000 00284 a2200121 4500
001 123588
020 _a9781557999290
040 _cEscola Canadense de Niteroi
090 _aMP
100 _aNorris, Jill
245 1 0 _aTake It to Your Seat Literacy Centers - Grades K-1
942 _cBK
999 _c123588
_d123588